000 00503nam a2200193Ia 4500
005 20250508153714.0
008 008 250505s9999 xx 000 0 eng d
037 _aBooks to be hide in OPAC
040 _aFEDL
_beng
_cFEDL
041 _aeng
_2eng
084 _qFEDL
100 _aWardale J R
_9764253
245 0 _aClare college
245 0 _cUniversity Of Cambridge
260 _aLondon, UK
_bF E Robinson and Co.
_c1899
300 _aviii,218p.
942 _cHB
999 _c1344872
_d1344872